00275nam a2200121Ia 45000030006000000080041000060400015000471000015000622450041000772600006001185460012001240050017001360STCL150530s9999 xx 000 0 und d aSTCLcSTCL aSwift Ward aJonathan Swift an introduction essay c0 aEnglish20220125170829.0